[Event "TCh-ESP CECLUB Div Honor 2012"]
[Site "Leon ESP"]
[Date "2012.11.11"]
[Round "7.2"]
[White "Delchev,A"]
[Black "Ter Sahakyan,S"]
[Result "1-0"]
[WhiteElo "2587"]
[BlackElo "2580"]

1.d4 d5 2.c4 c6 3.Nc3 Nf6 4.e3 e6 5.Nf3 Nbd7 6.Qc2 Bd6 7.b3 O-O 8.Be2 e5
9.cxd5 cxd5 10.Nb5 Bb4+ 11.Bd2 Bxd2+ 12.Nxd2 a6 13.dxe5 Nxe5 14.Nd4 Bg4 15.Bxg4 Nexg4
16.O-O Rc8 17.Qf5 Qc7 18.N2f3 Rfe8 19.Ne2 Ne5 20.Rac1 Nxf3+ 21.gxf3 Qd7 22.Nd4 Rcd8
23.Qxd7 Rxd7 24.Rc5 Kf8 25.Rfc1 g6 26.a4 Nh5 27.Rc7 Ke7 28.R1c5 Rd8 29.Kf1 Ng7
30.Ke2 Ne6 31.Rxd7+ Rxd7 32.Nxe6 fxe6 33.f4 Kd6 34.Rc8 Rf7 35.b4 Rf5 36.Rb8 Kc6
37.Re8 Kd6 38.Rg8 Rf7 39.Kd3 Rc7 40.Rd8+ Ke7 41.Rb8 Kd6 42.f3 Rf7 43.Rc8 Kd7
44.Rg8 Kd6 45.h4 Rc7 46.Rb8 Re7 47.Rc8 Kd7 48.Rc5 b6 49.Rc2 e5 50.fxe5 Rxe5
51.Kd4 Rh5 52.f4 Rxh4 53.Kxd5 Rh5+ 54.Kd4 Rh1 55.Ke5 Ra1 56.Rh2 h5 57.Rd2+ Ke7
58.Rd6 Re1 59.Rxg6 Rxe3+ 60.Kf5 Ra3 61.Re6+ Kd7 62.Rxb6 Rxa4 63.Kg5 h4 64.f5 h3
65.Rh6 Rxb4 66.Rxh3 Ke7 67.Rh7+ Kf8 68.Kg6 Rg4+ 69.Kf6 Kg8 70.Re7 Rg1 71.Re8+ Kh7
72.Kf7 Rb1 73.Re7 Rb8 74.Kf6+ Kh6 75.Re6 Kh7 76.Rxa6 Rf8+ 77.Kg5 Rg8+ 78.Kf6 Rf8+
79.Ke6 Re8+ 80.Kf7 Rb8 81.Ra7 Kh6 82.Re7 Ra8 83.Re6+ Kh7 84.Re8 Ra6 85.Re1 Ra7+
86.Kf8 Ra8+ 87.Re8 Ra1 88.f6 Rb1 89.f7 Rb7 90.Re1 Rb8+ 91.Ke7 Rb7+ 92.Kf6 Rb6+
93.Re6 Rb8 94.Re8  1-0

[Event "WY BU18 2012"]
[Site "Maribor SLO"]
[Date "2012.11.11"]
[Round "4"]
[White "Fedoseev,Vl3"]
[Black "Duda,J"]
[Result "1-0"]
[WhiteElo "2509"]
[BlackElo "2456"]

1.d4 d5 2.c4 c6 3.Nc3 Nf6 4.e3 e6 5.Nf3 Nbd7 6.Qc2 Bd6 7.Bd3 dxc4 8.Bxc4 b5
9.Be2 Bb7 10.O-O O-O 11.Rd1 Qc7 12.e4 e5 13.Bg5 exd4 14.Rxd4 Ne5 15.g3 Bc5
16.Rd2 Neg4 17.Bd3 Nh5 18.e5 h6 19.Bf4 g5 20.Bh7+ Kh8 21.Ne4 Bb6 22.Bf5 Nxf2
23.Nxf2 Bxf2+ 24.Kxf2 gxf4 25.Rd6 fxg3+ 26.hxg3 Qb6+ 27.Kg2 Qe3 28.Bg4 c5
29.Bxh5 Rg8 30.Qd2 Qxd2+ 31.Rxd2 Rg5 32.Rd7 Bc6 33.Rc7 Be4 34.Re1 Rxe5 35.Kf2 Rxh5
36.Rxe4 c4 37.Rxf7 Rc8 38.Ree7 b4 39.Rh7+  1-0

[Event "WY BU18 2012"]
[Site "Maribor SLO"]
[Date "2012.11.12"]
[Round "5.20"]
[White "Bortnik,N"]
[Black "Lindgren,P"]
[Result "1-0"]
[WhiteElo "2387"]
[BlackElo "2269"]

1.d4 d5 2.c4 c6 3.Nf3 Nf6 4.Nc3 e6 5.e3 Nbd7 6.Bd3 dxc4 7.Bxc4 b5 8.Bb3 Bb7
9.O-O b4 10.Ne2 c5 11.Ba4 Bxf3 12.gxf3 Qc7 13.a3 bxa3 14.bxa3 Be7 15.dxc5 Bxc5
16.Bb2 O-O 17.Nf4 Rfd8 18.Qe2 Rac8 19.Rfd1 Qa5 20.Qb5 Qxb5 21.Bxb5 Kf8 22.a4 Ke7
23.Rac1 Bd6 24.Ne2 e5 25.f4 Rxc1 26.Rxc1 g6 27.fxe5 Nxe5 28.Nd4 Ra8 29.Nc6+ Nxc6
30.Rxc6 Nd7 31.Bd4 Ne5 32.Bxe5 Bxe5 33.Ra6 Bd6 34.Bc6 Rc8 35.Rxa7+ Rc7 36.Ra6 Bb4
37.Bb5 Bc5 38.Ra8 Ra7 39.Rc8 Bb4 40.Kf1 Bd6 41.h3 h5 42.Ke2 Bb4 43.f4 Ba5
44.e4 Rc7 45.Ra8 Bb4 46.a5 Rc5 47.Re8+ Kf6 48.a6 Rc2+ 49.Kd3 Ra2 50.Rb8 Bc5
51.Rc8 Ra3+ 52.Kc4 Be3 53.Kb4 Ra2 54.Bc4 Ra1 55.Rc6+ Ke7 56.Rc7+ Ke8 57.Bxf7+ Kd8
58.Rc6 Bxf4 59.Rxg6 Ke7 60.Bc4 h4 61.e5 Bd2+ 62.Kb3 Be3 63.Rg7+ Kf8 64.Rf7+ Ke8
65.e6 Bc5 66.Bb5+ Kd8 67.Rd7+ Kc8 68.e7  1-0

[Event "WY GU16 2012"]
[Site "Maribor SLO"]
[Date "2012.11.12"]
[Round "5.22"]
[White "Aseeva,A"]
[Black "Horvath,Il"]
[Result "1/2-1/2"]
[WhiteElo "2023"]
[BlackElo "1846"]

1.d4 d5 2.c4 c6 3.e3 Nf6 4.Nc3 e6 5.Nf3 Be7 6.Bd3 dxc4 7.Bxc4 b5 8.Bd3 b4
9.Ne4 Nbd7 10.O-O Bb7 11.Qc2 Rc8 12.Nxf6+ Nxf6 13.e4 h6 14.Be3 O-O 15.Ne5 Qa5
16.Rac1 Rfd8 17.f4 Nd7 18.Bc4 Nxe5 19.fxe5 Ba6 20.b3 Bxc4 21.bxc4 Qc7 22.Qf2 Bg5
23.Bxg5 hxg5 24.c5 Rf8 25.Qd2 Qe7 26.Qxb4 g4 27.Rf4 Qg5 28.Rcf1 Rb8 29.Qd2 Rb7
30.Qe2 g3 31.h3 Rb4 32.Qd2 Rfb8 33.h4 Qh6 34.Qe3 Rb1 35.Qxg3 Rxf1+ 36.Rxf1 Rb2
37.Rf2 Qc1+ 38.Kh2 Rxf2 39.Qxf2 Qc4 40.h5 Qd3 41.h6 Qxe4 42.hxg7 Qh7+ 43.Kg3 Qg6+
44.Kf4 Qd3 45.Qe3 Qf5+ 46.Kg3 Kxg7 47.Qf3 Qg5+ 48.Qg4 Kh6 49.Qxg5+ Kxg5 50.Kf3 Kf5
51.g3 Kg5 52.g4 Kg6 53.Kf4 Kh6 54.Kf3 Kg6 55.Kg2 Kh6 56.Kh3 Kg5 57.Kg3 Kh6
58.Kh4 Kg6 59.g5 Kg7 60.Kh5 Kh7 61.Kh4 Kg6 62.Kg4 Kg7 63.Kh3 Kg6 64.Kh4 Kg7
65.Kg4 Kg6  1/2-1/2

[Event "WY GU18 2012"]
[Site "Maribor SLO"]
[Date "2012.11.12"]
[Round "6.25"]
[White "Stepanyan,Astghik"]
[Black "Sop,S"]
[Result "0-1"]
[WhiteElo "1799"]
[BlackElo "2038"]

1.d4 d5 2.c4 c6 3.Nc3 Nf6 4.e3 e6 5.Nf3 Nbd7 6.Be2 dxc4 7.Bxc4 b5 8.Bb3 b4
9.Ne2 Bb7 10.O-O Bd6 11.Ng3 O-O 12.Ng5 Qe7 13.e4 Bxg3 14.fxg3 e5 15.Nxf7 Rxf7
16.Bxf7+ Qxf7 17.dxe5 Nxe5 18.Qd4 Qe7 19.Bf4 Nfd7 20.Bxe5 Nxe5 21.Rf5 Re8
22.Rd1 c5 23.Qe3 h6 24.Qf4 c4 25.Rf1 Nd3 26.Qe3 Qxe4 27.Qxe4 Bxe4 28.Rf7 Rc8
29.Rxa7 c3 30.Rff7 c2 31.Rxg7+ Kh8  0-1

[Event "WY BU18 2012"]
[Site "Maribor SLO"]
[Date "2012.11.12"]
[Round "6"]
[White "Swiercz,D"]
[Black "Gabuzyan,H"]
[Result "1/2-1/2"]
[WhiteElo "2611"]
[BlackElo "2500"]

1.d4 d5 2.c4 c6 3.Nc3 Nf6 4.e3 e6 5.Nf3 Nbd7 6.Bd3 dxc4 7.Bxc4 b5 8.Bd3 Bd6
9.O-O O-O 10.b3 Bb7 11.Bb2 a6 12.a4 b4 13.Ne4 Nxe4 14.Bxe4 Nf6 15.Bd3 c5
16.dxc5 Bxc5 17.Rc1 Be7 18.Qe2 Nd5 19.Rfd1 Bf6 20.Nd4 Qb6 21.Rc4 Rfd8 22.Rdc1 Rd6
23.Be4 Rad8 24.Qf3 R8d7 25.h3 h6 26.R1c2  1/2-1/2

[Event "Brno Open 2012"]
[Site "Brno CZE"]
[Date "2012.11.13"]
[Round "4"]
[White "Ingason,S"]
[Black "Hruby,Va"]
[Result "0-1"]
[WhiteElo "1883"]
[BlackElo "1747"]

1.d4 d5 2.Nf3 Nf6 3.e3 c6 4.c4 e6 5.Nc3 Nbd7 6.Bd3 Bd6 7.O-O O-O 8.e4 dxe4
9.Nxe4 Nxe4 10.Bxe4 Nf6 11.Bc2 h6 12.Qd3 Qc7 13.Be3 Rd8 14.Qe2 b6 15.h3 Bb7
16.Rac1 c5 17.Rfd1 cxd4 18.Bxd4 Bxf3 19.Qxf3 Be5 20.Qc3 Bxd4 21.Rxd4 Rxd4
22.Qxd4 Rd8 23.Qe3 Kf8 24.Ba4 Qc5 25.Qxc5+ bxc5 26.Kf1 Rd2 27.Rc2 Rxc2 28.Bxc2 Ke7
29.Ke2 Kd6 30.Ke3 Nd7 31.f4 a5 32.Be4 f6 33.h4 Nb6 34.b3 a4 35.Bd3 axb3 36.axb3 Nd7
37.g4 e5 38.g5 exf4+ 39.Kxf4 Ne5 40.Be2 Ng6+ 41.Kg4 hxg5 42.hxg5 Ke5 43.Bd1 f5+
44.Kf3 Nf4 45.Bc2 Ne6 46.Bd1 Nxg5+ 47.Ke3 Ne6  0-1

[Event "22nd World Seniors Open"]
[Site "Kamena Vourla GRE"]
[Date "2012.11.13"]
[Round "1.23"]
[White "Voon,R"]
[Black "Sorensen,B"]
[Result "0-1"]
[WhiteElo "1949"]
[BlackElo "2294"]

1.c4 e6 2.Nf3 d5 3.d4 c6 4.e3 Nf6 5.Nc3 Nbd7 6.Bd3 Bd6 7.O-O O-O 8.cxd5 exd5
9.Rb1 Qe7 10.Nd2 c5 11.Re1 Re8 12.Nf3 c4 13.Bc2 Bb4 14.Bd2 Bxc3 15.Bxc3 Ne4
16.Bxe4 dxe4 17.Ne5 Nxe5 18.dxe5 Rd8 19.Qa4 Be6 20.Rbd1 Rd3 21.Bd4 a6 22.Qa5 Qg5
23.Kh1 Rc8 24.Qb6 Qe7 25.Qa5 Rc6 26.Rc1 h6 27.Rc2 b5 28.Bb6 Bc8 29.Bd4 Rg6
30.Rg1 Bg4 31.Rcc1 Qh4 32.Qc7 Rd2 33.Qb7 Be6 34.Rcf1 Rg5 35.g3 Qg4 36.f3 Qh3  0-1

[Event "Brno Open 2012"]
[Site "Brno CZE"]
[Date "2012.11.14"]
[Round "6"]
[White "Zak,Jiri"]
[Black "Frantsuzova,L"]
[Result "1/2-1/2"]
[WhiteElo "1633"]
[BlackElo "1764"]

1.d4 d5 2.c4 c6 3.Nc3 Nf6 4.e3 e6 5.Nf3 Bb4 6.Bd2 O-O 7.Bd3 Nbd7 8.O-O a5
9.a3 Bd6 10.c5 Bc7 11.b4 b5 12.cxb6 Nxb6 13.Qe2 axb4 14.axb4 Bb7 15.Rfb1 Qd6
16.Ne5 Nbd7 17.f4 Rfb8 18.Na4 Ne4 19.Be1 f6 20.Nxd7 Qxd7 21.Nc5 Nxc5 22.bxc5 Rxa1
23.Rxa1 e5 24.Qd2 exf4 25.exf4 Qg4 26.Bg3 f5 27.Rf1 Qg6 28.Re1 Qf6 29.Qf2 g6
30.Bh4 Qf8 31.Be7 Qf7 32.Bg5 Re8 33.Rxe8+ Qxe8 34.Bf6 Bc8 35.g3 Kf7 36.Be5 Ba5
37.Qb2 Qd7 38.Qb8 Bd8 39.Qd6 Be7 40.Qxd7 Bxd7 41.Bc7 h5 42.h4 Ke8 43.Kf2 Bd8
44.Bxd8 Kxd8 45.Ke3 Bc8 46.Kd2 Kc7 47.Kc3  1/2-1/2

[Event "8th Chervonograd IM"]
[Site "Chervonograd UKR"]
[Date "2012.11.14"]
[Round "1.6"]
[White "Kagramanianz,V"]
[Black "Sevostianov,P"]
[Result "1/2-1/2"]
[WhiteElo "2238"]
[BlackElo "2279"]

1.d4 d5 2.c4 c6 3.Nf3 Nf6 4.e3 e6 5.Nc3 Nbd7 6.Bd3 dxc4 7.Bxc4 b5 8.Bd3 a6
9.O-O c5 10.Qe2 Bb7 11.Rd1 Qb6 12.a3 Be7 13.Bd2 cxd4 14.Nxd4 O-O 15.Rac1  1/2-1/2

[Event "22nd World Seniors Open"]
[Site "Kamena Vourla GRE"]
[Date "2012.11.14"]
[Round "2.35"]
[White "De Andres Gonalons,F"]
[Black "Alavi,Mir Mahmood"]
[Result "1-0"]
[WhiteElo "2072"]
[BlackElo "1918"]

1.d4 d5 2.c4 e6 3.Nc3 Nf6 4.Nf3 c6 5.e3 Nbd7 6.Bd3 Bd6 7.e4 dxe4 8.Nxe4 Nxe4
9.Bxe4 Nf6 10.Bc2 Qc7 11.O-O Bd7 12.Re1 Bb4 13.Re2 O-O-O 14.a3 Be7 15.b4 Be8
16.Qe1 Nd7 17.Bb2 Bf6 18.Rb1 g5 19.Bb3 h5 20.d5 g4 21.Nd2 h4 22.dxe6 fxe6
23.c5 Bxb2 24.Rxb2 Qf4 25.Re4 Qf6 26.Nc4 h3 27.Rxe6 Qg5 28.Nd6+ Kb8 29.g3 Nf6
30.Qe3 Qxe3 31.Rxe3 Nd5 32.Bxd5 cxd5 33.Rd2 Rxd6 34.cxd6 Bc6 35.Rd4 Rd8 36.b5 Bxb5
37.Rxd5 Rc8 38.Re1 Bd7 39.Rde5 b5 40.Re7 Rd8 41.Rc1 Bc8 42.Kf1 Ba6 43.d7 b4+
44.Ke1 Bb5 45.axb4 Bxd7 46.Rd1 Kc7 47.Rd4 a6 48.Kd2 Kc6 49.Ke3  1-0

[Event "22nd World Seniors Open"]
[Site "Kamena Vourla GRE"]
[Date "2012.11.14"]
[Round "2.40"]
[White "Rave,Avraham"]
[Black "Doubleday,W"]
[Result "0-1"]
[WhiteElo "1838"]
[BlackElo "2039"]

1.d4 d5 2.Nf3 Nf6 3.c4 e6 4.Nc3 c6 5.e3 Nbd7 6.Bd3 dxc4 7.Bxc4 b5 8.Bd3 Bb7
9.O-O a6 10.e4 c5 11.Bg5 h6 12.Bh4 cxd4 13.Nxd4 Ne5 14.Bc2 Qb6 15.Nf3 Rd8
16.Qe2 Nxf3+ 17.gxf3 Be7 18.Rad1 Nh5 19.Bxe7 Kxe7 20.Qe3 Qc7 21.Bb3 Nf4 22.Rc1 Qe5
23.Ne2 Nxe2+ 24.Qxe2 Rc8 25.Qe3 Qg5+ 26.Kh1 Qxe3 27.fxe3 g5 28.Kg2 Rhd8 29.Rcd1 a5
30.Rxd8 Rxd8 31.Rd1 Rxd1 32.Bxd1 Kf6 33.Kg3 b4 34.h4 Bc6 35.Kg4 gxh4 36.Kxh4 a4
37.Bc2 a3 38.b3 Bb5 39.f4 Be2 40.e5+ Ke7 41.Be4 Bd1 42.Bb1 Kd7 43.Kg3 Kc6
44.Kf2 Kd5 45.Kg3 Bh5 46.Bd3 Kc5 47.f5 exf5 48.Bxf5 Bd1 49.Bb1 Kd5 50.Kf4 Ke6
51.Ke4 h5 52.Kf4 h4 53.Bf5+ Ke7 54.Bb1 Kf8 55.e4 Ke7 56.Ke3 Ke6 57.Kf4 h3
58.Kg3 Bg4 59.Bd3 Kxe5 60.Bc2 Be6 61.Bb1 Kd4 62.Kf3 Kc3 63.e5 Kb2 64.Bd3 Kxa2
65.Bc4 Kb2  0-1

[Event "WY GU16 2012"]
[Site "Maribor SLO"]
[Date "2012.11.14"]
[Round "7.32"]
[White "Machlik,Monika"]
[Black "Horvath,Il"]
[Result "0-1"]
[WhiteElo "1735"]
[BlackElo "1846"]

1.d4 d5 2.c4 c6 3.Nc3 Nf6 4.e3 e6 5.Nf3 Be7 6.Qc2 O-O 7.b3 Nbd7 8.Be2 b6
9.O-O Bb7 10.Bb2 Rc8 11.Rac1 Bd6 12.Rfd1 Bb8 13.Bf1 Re8 14.Ba3 e5 15.dxe5 Nxe5
16.Nxe5 Rxe5 17.g3 Rh5 18.Bg2 Ng4 19.Qe2 Qg5 20.Bf3 f5 21.cxd5 c5 22.d6 Bxf3
23.Qxf3 Rxh2 24.Rc2 Rh6 25.Rcd2 Nh2 26.Qe2 Rd8 27.Nb5 a6 28.Nc7 Qg4 29.Qxg4 Nxg4
30.Rd5 Nf6 31.R5d3 Ne4 32.Nd5 Rhxd6 33.Ne7+ Kf7 34.Rxd6 Rxd6 35.Rxd6 Nxd6
36.Nd5 b5 37.Bxc5 Ne4 38.Bd4 g5 39.Kf1 Ke6 40.Nb4 a5 41.Nd3 Bc7 42.Ke2 Kd5
43.Nb2 h5 44.Kf3 Be5 45.Bxe5 Kxe5 46.Nd3+ Kd5 47.Nc1 Nc3 48.a3 g4+ 49.Kf4 Ke6
50.Nd3 Kf6 51.e4 Nxe4 52.b4 a4 53.f3 gxf3 54.Kxf3 Nd2+ 55.Ke3 Nc4+ 56.Kd4 Nxa3
57.Kc5 Kg5 58.Ne5 h4 59.gxh4+ Kxh4 60.Nd3 Kg4 61.Nb2 f4 62.Nxa4 bxa4 63.b5 Nxb5  0-1

[Event "WY BU18 2012"]
[Site "Maribor SLO"]
[Date "2012.11.14"]
[Round "7.36"]
[White "Torres Rosas,L"]
[Black "Alarcon Careaga,Gustavo"]
[Result "1-0"]
[WhiteElo "2243"]
[BlackElo "2072"]

1.d4 d5 2.c4 c6 3.Nf3 Nf6 4.Nc3 e6 5.e3 Nbd7 6.Qc2 Bd6 7.g4 dxc4 8.Bxc4 e5
9.g5 Nd5 10.Bd2 exd4 11.Nxd4 Ne5 12.Be2 O-O 13.Ne4 Bb4 14.O-O-O Qe7 15.Rhg1 c5
16.Bxb4 cxb4 17.Nb5 Bf5 18.Nf6+ Nxf6 19.Qxf5 Qc5+ 20.Kb1 Nd5 21.Rc1 Nc4 22.Ka1 g6
23.Qe4 Rae8 24.Rxc4 Qe7 25.Qxd5 Rd8 26.Re4  1-0

[Event "WY BU16 2012"]
[Site "Maribor SLO"]
[Date "2012.11.14"]
[Round "7.16"]
[White "Nuri,M"]
[Black "Cuellar,Di"]
[Result "0-1"]
[WhiteElo "2145"]
[BlackElo "2237"]

1.d4 d5 2.c4 c6 3.Nc3 Nf6 4.Nf3 e6 5.e3 Nbd7 6.Qc2 Bd6 7.Bd3 dxc4 8.Bxc4 O-O
9.O-O e5 10.h3 Qe7 11.a3 Bc7 12.Ba2 Kh8 13.Re1 h6 14.b4 Re8 15.Bb2 e4 16.Nd2 Nb6
17.Rac1 a6 18.Bb1 Bf5 19.f3 Bg3 20.Red1 Nbd5 21.Nxd5 cxd5 22.Qb3 Bd6 23.Rf1 Qe6
24.Ba2 exf3 25.Rxf3 Rac8 26.Bc3 b5 27.Rcf1 Bd3 28.Re1 Ne4 29.Rc1 Rxc3 30.Rxc3 Nxd2
31.Rxd3 Nxb3 32.Bxb3 Rc8 33.Rf1 Qe4 34.Rfd1 Bg3 35.a4 g6 36.Kf1 Kg7 37.Kg1 Rc6
38.a5 g5 39.R1d2 Rc1+ 40.Rd1 Be1  0-1

[Event "22nd World Seniors Open"]
[Site "Kamena Vourla GRE"]
[Date "2012.11.15"]
[Round "3.25"]
[White "Hohler,P"]
[Black "Andreas,G"]
[Result "1-0"]
[WhiteElo "2218"]
[BlackElo "1995"]

1.Nf3 d5 2.d4 Nf6 3.c4 c6 4.Nc3 e6 5.e3 Nbd7 6.Bd3 dxc4 7.Bxc4 b5 8.Be2 Bb7
9.O-O Bd6 10.e4 Be7 11.e5 Nd5 12.Nxd5 exd5 13.Be3 a6 14.Rc1 Rc8 15.Qd2 O-O
16.Rfd1 c5 17.dxc5 Bxc5 18.Bxc5 Rxc5 19.Rxc5 Nxc5 20.Nd4 Qb6 21.Bg4 Re8 22.f4 Ne4
23.Qe3 g6 24.Nc2 Qxe3+ 25.Nxe3 f5 26.Bf3 Rd8 27.Nc2 Kf7 28.Nd4 h5 29.Rc1 Rc8
30.Rxc8 Bxc8 31.b4 Bb7 32.Kf1 Nc3 33.a3 Nb1 34.Nc2 Nd2+ 35.Ke2 Nc4 36.Kd3 Ke6
37.h4 Nb6 38.Kd4 Ba8 39.Ne1 Nc4 40.Nc2 Nb6 41.Ne1 Nc4 42.Nd3 Nxa3 43.Nc5+ Ke7
44.Nxa6 Bb7 45.Nc5 Ba8 46.Nd3 Ke6 47.Kc5 Bb7 48.Nc1 Ba8 49.Nb3  1-0

[Event "22nd World Seniors Open"]
[Site "Kamena Vourla GRE"]
[Date "2012.11.15"]
[Round "3.2"]
[White "Gutkin,B ISR"]
[Black "Timoscenko,G"]
[Result "1/2-1/2"]
[WhiteElo "2289"]
[BlackElo "2490"]

1.Nf3 d5 2.d4 Nf6 3.c4 e6 4.Nc3 c6 5.e3 Nbd7 6.Bd3 dxc4 7.Bxc4 b5 8.Bd3 Bd6
9.O-O O-O 10.b3 Bb7 11.Bb2 a6 12.Ne4 Nxe4 13.Bxe4 Nf6 14.Bd3 c5 15.dxc5 Bxc5
16.Qe2 Qe7 17.Rac1 Rac8 18.Rcd1 Rfd8 19.Bb1 Ba3 20.Rxd8+ Rxd8 21.Bd4 Ne4
22.Rd1 f6 23.Ne1 e5 24.Ba1 Bb4 25.f3 Rxd1 26.Qxd1 Nd6 27.Nd3 Ba5 28.Nf2 Bb6
29.Qd3 g6 30.Bc3 Nf5 31.Bd2 Kg7 32.Qc3 Qd7 33.Be4 Bxe4 34.Nxe4 h5 35.Kf2 h4
36.Ke2 Ne7 37.Qd3 Qxd3+ 38.Kxd3 f5 39.Nc3 Kf6 40.Bc1 Ke6  1/2-1/2

[Event "22nd World Seniors Open"]
[Site "Kamena Vourla GRE"]
[Date "2012.11.15"]
[Round "3.40"]
[White "Lujic,S"]
[Black "Schwertel,J"]
[Result "0-1"]
[WhiteElo "1927"]
[BlackElo "2038"]

1.d4 d5 2.c4 c6 3.e3 Nf6 4.Nc3 e6 5.Nf3 Nbd7 6.Bd3 Bd6 7.Qc2 dxc4 8.Bxc4 Nb6
9.Bb3 Nbd5 10.Bd2 O-O 11.a3 Nxc3 12.Bxc3 Nd5 13.Bd2 a5 14.Rc1 Be7 15.Ba2 f5
16.Bb1 g6 17.h4 Bf6 18.h5 g5 19.g4 Qe7 20.gxf5 exf5 21.Ba2 Rd8 22.Qc5 Qe4
23.Ke2 Be7 24.Bxd5+ Rxd5 25.Qc2 Qe6 26.Rcg1 h6 27.Kd1 c5 28.Bc3 b5 29.Bd2 Bb7
30.Nh4 cxd4 31.exd4 Rxd4 32.Rh3 Be4 33.Qc3 Bf6 34.Ke1 Rd3 35.Qxd3 Bxd3+ 36.Re3 Qd5
37.f4 g4 38.Ng6 Be4 39.Rgg3 b4 40.a4 Rd8 41.Re2 Kf7 42.b3 Bf3 43.Rf2 Re8+
44.Kf1 Qd3+ 45.Kg1 Bd4 46.Ne5+ Rxe5 47.fxe5 Qb1+  0-1

[Event "VIII Governor's Cup"]
[Site "Khanty-Mansiysk RUS"]
[Date "2012.11.15"]
[Round "1.13"]
[White "Ovod,E"]
[Black "Geller,J"]
[Result "0-1"]
[WhiteElo "2384"]
[BlackElo "2559"]

1.d4 d5 2.c4 e6 3.Nc3 c6 4.e3 Nf6 5.Nf3 Nbd7 6.Bd3 dxc4 7.Bxc4 b5 8.Bd3 a6
9.e4 c5 10.e5 cxd4 11.Ne4 Nxe4 12.Bxe4 Ra7 13.O-O Bc5 14.Bf4 Bb7 15.Qd3 h6
16.Rfd1 Bxe4 17.Qxe4 Qa8 18.Qxa8+ Rxa8 19.Nxd4 Bxd4 20.Rxd4 Nb6 21.b3 Nd5
22.Bd2 O-O 23.g4 Rac8 24.a4 Rc2 25.axb5 axb5 26.Ra5 Rb8 27.Bb4 Rb2 28.Bd6 Rc8
29.Rxb5 Rc1+ 30.Kg2 Rcc2 31.Rb8+ Kh7 32.h4 Rxf2+ 33.Kg3 Rfe2 34.Rxd5 exd5
35.Rb7 Re3+ 36.Kf4 Rbxb3 37.Rxb3 Rxb3 38.h5 g5+ 39.hxg6+ Kxg6 40.Be7 d4 41.Ke4 d3
42.Ke3 d2+ 43.Kxd2 Rg3  0-1

[Event "VIII Governor's Cup"]
[Site "Khanty-Mansiysk RUS"]
[Date "2012.11.15"]
[Round "1.4"]
[White "Khismatullin,D"]
[Black "Iskusnyh,S"]
[Result "1-0"]
[WhiteElo "2646"]
[BlackElo "2495"]

1.d4 d5 2.c4 c6 3.Nc3 Nf6 4.e3 e6 5.Nf3 a6 6.c5 b6 7.cxb6 Nbd7 8.Bd3 c5 9.O-O Qxb6
10.b3 cxd4 11.exd4 Bd6 12.a3 O-O 13.b4 e5 14.dxe5 Nxe5 15.Bb2 Bg4 16.Be2 Nc4
17.Nxd5 Nxd5 18.Bxc4 Bxh2+ 19.Kxh2 Qc7+ 20.Kg1 Qxc4 21.Rc1 Qa2 22.Bxg7 Kxg7
23.Rc2 Qb3 24.Qd4+ Nf6 25.Rc6 Be6 26.Rc5 h6 27.Nd2 Rad8 28.Nxb3  1-0

[Event "WY GU16 2012"]
[Site "Maribor SLO"]
[Date "2012.11.15"]
[Round "8.45"]
[White "Mendez Tovar,Rosario Trin"]
[Black "Beshukova,Ekaterina"]
[Result "0-1"]
[WhiteElo "1608"]
[BlackElo "1878"]

1.d4 d5 2.c4 e6 3.Nc3 Nf6 4.Nf3 c6 5.e3 Nbd7 6.Bd3 dxc4 7.Bxc4 b5 8.Bd3 b4
9.Ne4 Nxe4 10.Bxe4 Bb7 11.Qa4 Qb6 12.Bd2 Nf6 13.Bd3 Be7 14.O-O O-O 15.Ne5 a5
16.Rac1 Rfc8 17.Nc4 Qd8 18.Ne5 c5 19.dxc5 Bxc5 20.Rfd1 Qd5 21.Bxh7+ Nxh7
22.Nf3 Qh5 23.Ne1 Bc6 24.Qc2 Bd6 25.g3 Ng5 26.h4 Nf3+ 27.Kf1 Bb5+ 28.Kg2 Nxe1+
29.Rxe1 Rxc2 30.Rxc2 Qd5+ 31.Kh3 Qf5+  0-1

[Event "WY GU18 2012"]
[Site "Maribor SLO"]
[Date "2012.11.15"]
[Round "8.21"]
[White "Vasiljeva,S"]
[Black "Sop,S"]
[Result "0-1"]
[WhiteElo "1873"]
[BlackElo "2038"]

1.d4 d5 2.Nf3 Nf6 3.c4 c6 4.Nc3 e6 5.e3 Nbd7 6.Qc2 b6 7.Bd3 Bb7 8.O-O Be7
9.b3 Qc7 10.Bb2 h6 11.Rac1 Rd8 12.e4 dxe4 13.Nxe4 Nxe4 14.Bxe4 Nf6 15.Ne5 Nxe4
16.Qxe4 c5 17.Qg4 Bf6 18.Rfe1 O-O 19.Rcd1 cxd4 20.Rxd4 Bxe5 21.Rxd8 Bxb2
22.Rxf8+ Kxf8 23.Qe2 Qc6 24.Qg4 Bf6 25.Rd1 Ke7 26.Qg3 Be5 27.Qh3 Qe4 28.Kf1 Bd4
29.Qg3 Be5 30.Qh3 Bf4 31.Qg4 g5 32.g3 Qg2+ 33.Ke2 Bd6 34.Kd2 Bc5 35.Kd3 Bf3  0-1

[Event "WY GU16 2012"]
[Site "Maribor SLO"]
[Date "2012.11.15"]
[Round "8.33"]
[White "Koloditsova,Renata"]
[Black "Luzikova,N"]
[Result "1/2-1/2"]
[WhiteElo "1881"]
[BlackElo "1796"]

1.d4 d5 2.c4 c6 3.Nf3 Nf6 4.Nc3 e6 5.e3 Nbd7 6.Qc2 Bd6 7.g4 O-O 8.g5 Nh5
9.cxd5 exd5 10.Be2 g6 11.Bd2 b5 12.h4 Nb6 13.Ne5 Bxe5 14.dxe5 Ng7 15.Bd3 Nc4
16.Ne2 Nxe5 17.Nd4 Nxd3+ 18.Qxd3 Qb6 19.b4 Nf5 20.Bc3 Re8 21.Rc1 Bd7 22.Nxf5 Bxf5
23.Qd4 Qxd4 24.Bxd4 Bd7 25.h5 a5 26.hxg6 fxg6 27.a3 axb4 28.axb4 Rf8  1/2-1/2

[Event "WY GU16 2012"]
[Site "Maribor SLO"]
[Date "2012.11.15"]
[Round "8.21"]
[White "Franca,Veronika"]
[Black "Horvath,Il"]
[Result "1/2-1/2"]
[WhiteElo "1979"]
[BlackElo "1846"]

1.d4 d5 2.c4 c6 3.Nc3 Nf6 4.e3 e6 5.Nf3 Be7 6.Bd3 dxc4 7.Bxc4 b5 8.Bd3 b4
9.Ne4 Nbd7 10.O-O O-O 11.Nxf6+ Nxf6 12.Qe2 Bb7 13.e4 Re8 14.Bg5 Nd7 15.Bxe7 Qxe7
16.Rac1 Rac8 17.Rfd1 c5 18.Bb5 Red8 19.Ba6 Bxa6 20.Qxa6 Nb6 21.dxc5 Rxd1+
22.Rxd1 Qxc5 23.Qxa7 h6 24.Ne5 Qxe5 25.Qxb6 Qxb2 26.g3 Qe2 27.Rd8+ Rxd8 28.Qxd8+ Kh7
29.Qa8 Qf3 30.Qb7 Qa3 31.h4 Qxa2 32.Qxb4  1/2-1/2

[Event "WY GU18 2012"]
[Site "Maribor SLO"]
[Date "2012.11.15"]
[Round "8.31"]
[White "Stepanyan,Astghik"]
[Black "Stark,Sas"]
[Result "1/2-1/2"]
[WhiteElo "1799"]
[BlackElo "1983"]

1.d4 d5 2.c4 c6 3.e3 Nf6 4.Nc3 e6 5.Nf3 Be7 6.Qc2 Nbd7 7.b3 O-O 8.Be2 Re8
9.O-O Nf8 10.Bb2 Bd7 11.e4 dxe4 12.Nxe4 Rc8 13.Rad1 Nxe4 14.Qxe4 Qa5 15.Qc2 Bf6
16.Bd3 Red8 17.Rfe1 Be8 18.Ne5 Ng6 19.Bxg6 hxg6 20.Ng4 Be7 21.Bc3 Qc7 22.Qb2 Qf4
23.h3 Rd7 24.d5 cxd5 25.Bxg7 dxc4 26.bxc4 Rxd1 27.Rxd1 Qxc4 28.Nf6+ Bxf6
29.Qxf6 Qc2 30.Bh6 Qxd1+ 31.Kh2 Qd6+ 32.g3 Qf8 33.Bxf8 Kxf8 34.Qh8+ Ke7 35.Qh4+ Kd7
36.Qd4+ Kc7 37.Qxa7 Bc6 38.Qc5 Rd8 39.Qc1 Rd7 40.Qf4+ Kd8 41.g4 Ke8 42.Qe3 Rd1
43.Kg3 Bb5 44.Qf4 Rd3+ 45.Kh2 Bc6  1/2-1/2

[Event "Brno Open 2012"]
[Site "Brno CZE"]
[Date "2012.11.16"]
[Round "8"]
[White "Parligras,C"]
[Black "Markovic,Iv CZE"]
[Result "1/2-1/2"]
[WhiteElo "2298"]
[BlackElo "2140"]

1.Nf3 d5 2.d4 Nf6 3.c4 e6 4.Nc3 c6 5.e3 Nbd7 6.Qc2 Bd6 7.Bd3 O-O 8.O-O h6
9.Rd1 Qe7 10.e4 dxe4 11.Nxe4 Nxe4 12.Bxe4 Nf6 13.b3 Rd8 14.Bb2 Bd7 15.Qe2 Nxe4
16.Qxe4 Qf6 17.Rd3 Qf4 18.Qe2 Be8 19.Rad1 a5 20.a3 Bc7 21.Re3 Qg4 22.Re4 Qh5
23.Bc1 a4 24.b4 b5 25.g4 Qg6 26.c5 Rd5 27.Kh1 Qf6 28.Ne1 Rad8 29.Qf3 Qxf3+
30.Nxf3 Bd7 31.Rde1 f6 32.Kg2 Kf7 33.Bf4 Bxf4 34.Rxf4 g5 35.Rfe4 Rh8 36.h3 h5
37.Nh2 hxg4 38.hxg4 Bc8 39.Nf3 Rdd8 40.R4e3 Rh7 41.Rh1 Rxh1 42.Kxh1 Ke7 43.Kg2 Bd7  1/2-1/2

[Event "WY GU16 2012"]
[Site "Maribor SLO"]
[Date "2012.11.16"]
[Round "9.9"]
[White "Rodriguez Rueda,P"]
[Black "Akopova,A"]
[Result "0-1"]
[WhiteElo "2220"]
[BlackElo "2000"]

1.d4 d5 2.Nf3 c6 3.e3 Nf6 4.c4 e6 5.Nc3 Nbd7 6.Bd3 dxc4 7.Bxc4 b5 8.Bd3 Bd6
9.O-O O-O 10.a3 Bb7 11.Qe2 a6 12.e4 e5 13.dxe5 Nxe5 14.Nxe5 Bxe5 15.Be3 Qe7
16.Rac1 Rfe8 17.Rfe1 c5 18.f3 Rad8 19.Bb1 c4 20.Kh1 Nh5 21.Qf2 Nf4 22.Bxf4 Bxf4
23.Rcd1 Qg5 24.Nd5 Bxd5 25.Rxd5 Rxd5 26.exd5 Rxe1+ 27.Qxe1 Qe5 28.Qe4 Qxe4
29.Bxe4 Bc1 30.d6 Kf8 31.d7 Ke7 32.Kg1 Bxb2 33.Kf1 Kxd7 34.Ke2 Bxa3 35.Bd5 f6
36.Kd2 Kd6 37.Bg8 h6 38.Kc3 Kc5 39.Kc2 a5  0-1

[Event "Brno Open 2012"]
[Site "Brno CZE"]
[Date "2012.11.17"]
[Round "9"]
[White "Zak,Jiri"]
[Black "Sipl,F"]
[Result "1/2-1/2"]
[WhiteElo "1633"]
[BlackElo "1891"]

1.d4 Nf6 2.c4 e6 3.Nc3 c6 4.Nf3 d5 5.e3 Bd6 6.Bd3 Nbd7 7.b3 Bb4 8.Bb2 Qa5
9.Qc2 dxc4 10.bxc4 O-O 11.O-O Qh5 12.Ne4 Nxe4 13.Bxe4 f5 14.Bd3 Bd6 15.Ne5 Nf6
16.Be2 Qe8 17.f4 Nd7 18.c5 Be7 19.a4 b6 20.Ba3 Qd8  1/2-1/2

[Event "22nd World Seniors Open"]
[Site "Kamena Vourla GRE"]
[Date "2012.11.17"]
[Round "5.38"]
[White "Prammer,Franz"]
[Black "Schwertel,J"]
[Result "0-1"]
[WhiteElo "1859"]
[BlackElo "2038"]

1.d4 d5 2.c4 c6 3.Nf3 Nf6 4.Nc3 e6 5.e3 Nbd7 6.Bd3 dxc4 7.Bxc4 Nb6 8.Bd3 g6
9.O-O Bg7 10.Qe2 O-O 11.Rd1 Nbd5 12.h3 Qc7 13.Bd2 b6 14.Rac1 Bb7 15.Ba6 Nxc3
16.Bxc3 Nd5 17.Bxb7 Qxb7 18.Be1 Rfe8 19.Ne5 Rac8 20.Rc2 c5 21.Nc4 Bf8 22.dxc5 Rxc5
23.Ne5 Rxc2 24.Qxc2 Rc8 25.Qe2 Bg7 26.Nf3 a6 27.Nd4 b5 28.Ba5 Nb6 29.b3 Nd5
30.Qg4 h5 31.Qe4 Qe7 32.Nf3 Qa3 33.Be1 Qxa2 34.Qd3 Qc2 35.Qxc2 Rxc2 36.e4 Nc3
37.Rd8+ Kh7 38.Rd7 Nxe4 39.Rxf7 Kg8 40.Ra7 Rc6 41.Ra8+ Kh7 42.Rd8 g5 43.Nd4 Rc1
44.Kf1 Nd2+ 45.Ke2 Ne4 46.Nxe6 Kg6 47.Nxg7 Kxg7 48.f3 Nc3+ 49.Kd2 Rd1+ 50.Kxc3 Rxd8  0-1

[Event "VIII Governor's Cup B"]
[Site "Khanty-Mansiysk RUS"]
[Date "2012.11.17"]
[Round "3"]
[White "Trapeznikova,D"]
[Black "Averchenko,S"]
[Result "0-1"]
[WhiteElo "2054"]
[BlackElo "2335"]

1.d4 d5 2.c4 c6 3.Nf3 Nf6 4.Nc3 e6 5.e3 Nbd7 6.Bd3 dxc4 7.Bxc4 b5 8.Bd3 a6
9.e4 c5 10.d5 c4 11.Bc2 Qc7 12.dxe6 fxe6 13.O-O Bc5 14.Ne2 O-O 15.b3 Bb7
16.Ng3 Ne5 17.bxc4 Nxf3+ 18.gxf3 bxc4 19.Qe2 a5 20.Be3 Bd6 21.Rab1 Nd7 22.Rfc1 Ba6
23.Bd4 Bf4 24.Be3 Ne5 25.Rb6 Bxe3 26.Qxe3 Rxf3 27.Qd4 Rxg3+  0-1